000 00521nam a2200169 a 4500
001 000005191
005 20200929151613.0
008 090812s1985 pr a 000 0 spa d
040 _aDO-SdBNP
_bspa
_cBNPHU
082 _a946
_bC697i
100 1 _aColl, Edna
_914852
245 1 0 _aIntroducción a la cultura hispánica /
_cEdna Coll.
260 _aSan Juan, Puerto Rico :
_b[s.n .],
_c1985.
300 _a180 p. :
_bil. ;
_c23 cm.
500 _aRecordando al maestro Federico de Onís
650 4 _aCivilación
_xHistoria
_914853
999 _c4993
_d4993